000 00321 a2200133 4500
005 20250628195359.0
020 _a978-1-4739-8099-0
100 _aPOSTINGS, T
245 _aCounselling Skills and Studies
250 _a2nd Ed
260 _aLondon
_bSage
_c2017
300 _a320p.: ill; Table
_bIndex
_c25cm
942 _2ddc
_cBKS
999 _c6189
_d6189